Winter Olympics Quiz - Statistics

General Stats
  • This quiz has been taken 32 times
  • The average score is 12 of 20
Answer Stats
Hint Answer % Correct
2) Event involving a stone, brush, and a circle target Curling
97%
3) Event where one slides face downand headfirst down a track Skeleton
94%
6) The bobsled team from this Caribbeancountry was the inspiration for the movie "cool runnings" Jamaica
88%
14) This event combines the above with rifle shooting,requiring precision and stamina Biathlon
78%
11) Event in which one lies face up, feet forward slidingdown a track Luge
75%
20) This Canadian city hosted the 1988 Winter Olympics Calgary
72%
13) Skiing race done over a longer distance and oftenrough terrain Cross Country
69%
12) Type of skating race done on an circular ice trackindoors Speed
69%
4) Skiing event involving small bumpy hills Mogul
66%
19) When was the first Winter Olympics held? 1924
63%
10) Historic northern Italy city where the 2006 Olympicswas held Turin
63%
15) Snowboarding event where riders boardup the sides of a bowl shaped ramp Halfpipe
59%
9) Difficult move in figure skating involving a 3.5 turnspin from a forward takeoff Triple Axel
56%
7) Nickname for the US stunning win overthe USSR in the 1980 Olympic hockey championship Miracle on Ice
53%
18) Event in which riders compete in cross countryskiing and ski jumping Nordic Combined
44%
8) Town in which the above was held Lake Placid
41%
1) Range in which Cortina d'Ampezzo is in (not the Alps) Dolomites
34%
16) Event where skiiers/boarders ride down a coursewith obstacles like jumps and rails Slopestyle
31%
5) Alpine skiier who won 4 championshipsand then gold in 2010 Lindsey Vonn
16%
17) Female alpine skiier considered one of the sportsbest, with a record 100 wins in the World Cup Mikaela Shiffrin
16%
No matching quizzes found
Score Distribution
Percent of People with Each Score
Percentile by Number Answered
Your Score History
You have not taken this quiz